| 000 | 00000nam##2200000za#4500 |
| 001 | 9.574599 |
| 003 | CaOODSP |
| 005 | 20241203113634 |
| 007 | cr ||||||||||| |
| 008 | 150406|1997||||xxc|||||o f|0| 0 eng|d |
| 040 | |aCaOODSP|beng |
| 043 | |an-cn--- |
| 086 | 1 |aEn56-119/2-1997-1E-IN |
| 110 | 1 |aCanada. |bEnvironment Canada. |
| 245 | 10|aOntario region executive summary|h[electronic resource]|c[by] Beth Lavender, Jamie Smith and Tim Bullock. |
| 260 | |aOttawa - Ontario : |bEnvironment Canada |c1997. |
| 300 | |a10p.|bmap |
| 490 | 1 |aCanada country study |
| 500 | |aThe catalogue number (En56-119/2-1997-1) and ISBN (0-662-63250-8) for the bilingual print edition have been incorrectly copied in this electronic publication. |
| 590 | |a12-31-Supp|b2012-07-06 |
| 720 | 1 |aSmith, Jamie |
| 720 | 1 |aLavender, Beth |
| 720 | 1 |aBullock, Tim |
| 775 | 08|tSommaire exécutif région de l'Ontario|w(CaOODSP)9.604337 |
| 776 | 0#|tSommaire de l'Ontario|w(CaOODSP)9.529781 |
| 776 | 0#|tOntario summary|w(CaOODSP)9.529780 |
| 830 | #0|aCanada country study.|w(CaOODSP)9.504444 |
| 856 | 40|ahttp://publications.gc.ca|qPDF|s265 KB|uhttps://publications.gc.ca/collections/Collection/En56-119-2-1997-1E.pdf |